|
|
|
|
| LEADER |
01000cam a2200265 ca4500 |
| 001 |
613153413 |
| 003 |
DE-627 |
| 005 |
20240318174127.0 |
| 007 |
tu |
| 008 |
091119m20099999fr ||||| 00| ||fre c |
| 035 |
|
|
|a (DE-627)613153413
|
| 035 |
|
|
|a (DE-576)9613153411
|
| 035 |
|
|
|a (DE-599)GBV613153413
|
| 040 |
|
|
|a DE-627
|b ger
|c DE-627
|e rakwb
|
| 041 |
|
|
|a fre
|
| 044 |
|
|
|c XA-FR
|
| 084 |
|
|
|a 15.65
|2 bkl
|
| 245 |
0 |
0 |
|a Histoire de France
|b [une nouvelle collection en 13 volumes; 2000 ans de passion, de Clovis à nos jours]
|c sous la dir. de Joe͏̈l Cornette
|
| 250 |
|
|
|a [Broschierte Ausg.]
|
| 264 |
|
1 |
|a [Paris]
|b Belin
|c 2009-
|
| 336 |
|
|
|a Text
|b txt
|2 rdacontent
|
| 337 |
|
|
|a ohne Hilfsmittel zu benutzen
|b n
|2 rdamedia
|
| 338 |
|
|
|a Band
|b nc
|2 rdacarrier
|
| 500 |
|
|
|a Erg. bildet: Atlas de l'histoire de France
|
| 515 |
|
|
|a Erschienen: [1] - [13]
|
| 689 |
0 |
0 |
|D g
|0 (DE-588)4018145-5
|0 (DE-627)106327232
|0 (DE-576)208922857
|a Frankreich
|2 gnd
|
| 689 |
0 |
1 |
|A z
|2 gnd
|a Geschichte
|
| 689 |
0 |
|
|5 (DE-627)
|
| 700 |
1 |
|
|a Cornette, Joël
|d 1949-
|0 (DE-588)137295871
|0 (DE-627)592101053
|0 (DE-576)168621223
|4 oth
|
| 912 |
|
|
|a GBV_ILN_11
|
| 912 |
|
|
|a ISIL_DE-1a
|
| 912 |
|
|
|a SYSFLAG_1
|
| 912 |
|
|
|a GBV_KXP
|
| 912 |
|
|
|a SSG-OPC-ANG
|
| 912 |
|
|
|a GBV_ILN_21
|
| 912 |
|
|
|a ISIL_DE-46
|
| 912 |
|
|
|a GBV_ILN_22
|
| 912 |
|
|
|a ISIL_DE-18
|
| 912 |
|
|
|a GBV_ILN_22_i30908
|
| 912 |
|
|
|a GBV_ILN_24
|
| 912 |
|
|
|a ISIL_DE-8
|
| 912 |
|
|
|a GBV_ILN_40
|
| 912 |
|
|
|a ISIL_DE-7
|
| 912 |
|
|
|a GBV_ILN_40_i024
|
| 912 |
|
|
|a GBV_ILN_50
|
| 912 |
|
|
|a ISIL_DE-23
|
| 912 |
|
|
|a GBV_ILN_60
|
| 912 |
|
|
|a ISIL_DE-705
|
| 912 |
|
|
|a GBV_ILN_61
|
| 912 |
|
|
|a ISIL_DE-32
|
| 912 |
|
|
|a GBV_ILN_65
|
| 912 |
|
|
|a ISIL_DE-3
|
| 912 |
|
|
|a GBV_ILN_70
|
| 912 |
|
|
|a ISIL_DE-89
|
| 912 |
|
|
|a GBV_ILN_130
|
| 912 |
|
|
|a ISIL_DE-700
|
| 912 |
|
|
|a GBV_ILN_350
|
| 912 |
|
|
|a ISIL_DE-2795
|
| 912 |
|
|
|a GBV_ILN_350_
|
| 912 |
|
|
|a GBV_ILN_721
|
| 912 |
|
|
|a ISIL_DE-Bo1
|
| 936 |
b |
k |
|a 15.65
|j Frankreich
|x Geschichte
|0 (DE-627)181571641
|
| 951 |
|
|
|a MC
|
| 980 |
|
|
|2 11
|1 01
|x 0001
|b 1127861301
|y x
|z 23-03-10
|
| 980 |
|
|
|2 21
|1 01
|x 0046
|b 1192873696
|y xza
|z 29-10-10
|
| 980 |
|
|
|2 22
|1 01
|x 0018
|b 1182685463
|y xu
|z 02-11-10
|
| 980 |
|
|
|2 22
|1 02
|x 0018
|b 1282522213
|y xi30908
|z 12-12-11
|
| 980 |
|
|
|2 22
|1 03
|x 0018
|b 150860231X
|y xi30908
|z 10-11-14
|
| 980 |
|
|
|2 24
|1 01
|x 0008
|b 1344257453
|h hb
|y xz1
|z 05-12-12
|
| 980 |
|
|
|2 40
|1 01
|x 0007
|b 1163842133
|y xi024
|z 27-05-10
|
| 980 |
|
|
|2 40
|1 02
|x 0007
|b 1177659794
|y ksn
|z 20-08-10
|
| 980 |
|
|
|2 50
|1 01
|x 0023
|b 1107001455
|y x
|z 23-07-10
|
| 980 |
|
|
|2 60
|1 01
|x 0705
|b 1160411840
|y x
|z 28-06-10
|
| 980 |
|
|
|2 61
|1 01
|x 0032
|b 118224730X
|y x
|z 02-02-11
|
| 980 |
|
|
|2 65
|1 01
|x 0003
|b 4282068728
|y x
|z 03-04-23
|
| 980 |
|
|
|2 70
|1 80
|x 89/19
|b 1340009439
|c 00
|f FBSBB
|d bestellt
|e a
|j --%%--
|k Vol. 1-13 best.
|y asg
|z 20-11-12
|
| 980 |
|
|
|2 130
|1 01
|x 0700
|b 4741311732
|k Zur Anzeige der Signaturen klicken Sie bitte auf "zugehörige Publikationen"
|y xb
|z 20-08-25
|
| 980 |
|
|
|2 350
|1 01
|x 8293
|b 1171616007
|c 00
|f LESESAAL
|d Ab 2012
|e i
|j --%%--
|y x
|z 19-07-10
|
| 980 |
|
|
|2 721
|1 01
|x 4721
|b 1710972092
|c 00
|f --%%--
|d P 00/196
|e --%%--
|j --%%--
|y x
|z 07-09-17
|
| 983 |
|
|
|2 24
|1 01
|x 0008
|8 50
|0 (DE-627)057928495
|a gsb 636.10
|b Frankreich
|b Geschichte
|b (allg.)
|
| 983 |
|
|
|2 24
|1 01
|x 0008
|8 60
|0 (DE-627)058573216
|a reg 24.3
|b Frankreich
|
| 983 |
|
|
|2 24
|1 01
|x 0008
|8 70
|0 (DE-627)266861393
|a gsb 636
|b Frankreich
|b Geschichte
|
| 983 |
|
|
|2 40
|1 00
|x DE-7
|8 00
|0 (DE-627)621365327
|a PP 000
|b Geschichte Frankreichs
|
| 985 |
|
|
|2 70
|1 80
|x 89/19
|a BBG
|
| 995 |
|
|
|2 24
|1 01
|x 0008
|a hb
|